000 nam a22 7a 4500
999 _c28620
_d28619
003 OSt
005 20170525223345.0
008 170525b xxu||||| |||| 00| 0 eng d
020 _a020135358x
040 _ammu
_beng
_cmmu
050 _aQA76.625.C37 1999
100 _aCastro Elizabeth
245 _aPERL AND CGI FOR THE WORD WIDE WEB
_cElizabeth Castro
260 _aUSA
_bPeachpit Press
_c1999
300 _axi,272p.:
_bill,
500 _aIncludes Index
942 _2lcc
_cLOAN LOAN